Statistics for North American Pro Sports Teams By State or Province

Click here to take the quiz!

General Stats

  • This quiz has been taken 3,377 times
    (2,104 since last reset)
  • The average score is 101 of 124

Answer Stats

State or ProvinceLeagueAnswer% Correct
ArizonaNFLArizona Cardinals
94%
MissouriMLBSt. Louis Cardinals
94%
CaliforniaNBALos Angeles Lakers
93%
ManitobaNHLWinnipeg Jets
93%
CaliforniaNHLLos Angeles Kings
92%
New YorkNFLNew York Jets
92%
CaliforniaNBASacramento Kings
92%
OhioMLBCincinnati Reds
91%
New YorkNFLNew York Giants
91%
ArizonaNBAPhoenix Suns
91%
CaliforniaNFLSan Francisco 49ers
91%
CaliforniaMLBSan Francisco Giants
91%
CaliforniaNFLLos Angeles Rams
89%
FloridaNBAMiami Heat
89%
North CarolinaNFLCarolina Panthers
88%
IllinoisMLBChicago White Sox
88%
ColoradoNFLDenver Broncos
88%
FloridaNHLFlorida Panthers
88%
ArizonaMLBArizona Diamondbacks
87%
MassachusettsNBABoston Celtics
87%
MassachusettsMLBBoston Red Sox
87%
IllinoisNFLChicago Bears
87%
IllinoisNBAChicago Bulls
87%
ColoradoNBADenver Nuggets
87%
CaliforniaNBAGolden State Warriors
87%
NevadaNFLLas Vegas Raiders
87%
CaliforniaNFLLos Angeles Chargers
87%
CaliforniaNBALos Angeles Clippers
87%
CaliforniaMLBLos Angeles Dodgers
87%
MassachusettsNFLNew England Patriots
87%
FloridaNFLTampa Bay Buccaneers
87%
GeorgiaNFLAtlanta Falcons
86%
New YorkNBABrooklyn Nets
86%
MichiganNFLDetroit Lions
86%
New YorkNBANew York Knicks
86%
GeorgiaNBAAtlanta Hawks
85%
AlbertaNHLEdmonton Oilers
85%
IndianaNBAIndiana Pacers
85%
IndianaNFLIndianapolis Colts
85%
FloridaNFLMiami Dolphins
85%
New YorkNHLNew York Rangers
85%
New YorkMLBNew York Yankees
85%
CaliforniaMLBOakland Athletics
85%
TexasMLBTexas Rangers
85%
MarylandNFLBaltimore Ravens
84%
IllinoisMLBChicago Cubs
84%
ColoradoMLBColorado Rockies
84%
MichiganNBADetroit Pistons
84%
FloridaNFLJacksonville Jaguars
84%
MinnesotaNFLMinnesota Vikings
84%
LouisianaNFLNew Orleans Saints
84%
New YorkMLBNew York Mets
83%
FloridaNBAOrlando Magic
83%
ArizonaNHLArizona Coyotes
82%
GeorgiaMLBAtlanta Braves
82%
New YorkNFLBuffalo Bills
82%
British ColumbiaNHLVancouver Canucks
82%
District of ColumbiaNFLWashington
Commanders
82%
MassachusettsNHLBoston Bruins
81%
AlbertaNHLCalgary Flames
81%
MissouriNFLKansas City Chiefs
81%
CaliforniaMLBLos Angeles Angels
81%
LouisianaNBANew Orleans Pelicans
81%
IllinoisNHLChicago Blackhawks
80%
OhioNFLCleveland Browns
80%
ColoradoNHLColorado Avalanche
80%
TexasNFLDallas Cowboys
80%
MichiganMLBDetroit Tigers
80%
FloridaMLBMiami Marlins
80%
OklahomaNBAOklahoma City Thunder
80%
CaliforniaMLBSan Diego Padres
80%
CaliforniaNHLSan Jose Sharks
80%
TennesseeNFLTennessee Titans
80%
UtahNBAUtah Jazz
80%
MarylandMLBBaltimore Orioles
79%
OhioNFLCincinnati Bengals
79%
WisconsinNFLGreen Bay Packers
79%
MinnesotaNBAMinnesota Timberwolves
79%
PennsylvaniaNBAPhiladelphia 76ers
79%
PennsylvaniaNFLPittsburgh Steelers
79%
OntarioMLBToronto Blue Jays
79%
CaliforniaNHLAnaheim Ducks
78%
North CarolinaNBACharlotte Hornets
78%
MinnesotaMLBMinnesota Twins
78%
New YorkNHLNew York Islanders
78%
PennsylvaniaNFLPhiladelphia Eagles
78%
WashingtonNFLSeattle Seahawks
78%
FloridaMLBTampa Bay Rays
78%
OntarioNHLToronto Maple Leafs
78%
OntarioNBAToronto Raptors
78%
District of ColumbiaNBAWashington Wizards
78%
OhioNBACleveland Cavaliers
77%
TexasNFLHouston Texans
77%
WisconsinNBAMilwaukee Bucks
77%
OregonNBAPortland Trail Blazers
77%
MissouriNHLSt. Louis Blues
77%
District of ColumbiaMLBWashington Nationals
77%
TexasNBADallas Mavericks
76%
MichiganNHLDetroit Red Wings
76%
QuebecNHLMontreal Canadiens
76%
New JerseyNHLNew Jersey Devils
76%
OntarioNHLOttawa Senators
76%
PennsylvaniaMLBPhiladelphia Phillies
76%
PennsylvaniaNHLPittsburgh Penguins
76%
PennsylvaniaMLBPittsburgh Pirates
76%
NevadaNHLVegas Golden Knights
76%
District of ColumbiaNHLWashington Capitals
76%
TexasNBAHouston Rockets
75%
MissouriMLBKansas City Royals
75%
PennsylvaniaNHLPhiladelphia Flyers
75%
TexasNBASan Antonio Spurs
75%
TexasMLBHouston Astros
74%
MinnesotaNHLMinnesota Wild
74%
TennesseeNBAMemphis Grizzlies
72%
FloridaNHLTampa Bay Lightning
72%
WisconsinMLBMilwaukee Brewers
71%
North CarolinaNHLCarolina Hurricanes
70%
TexasNHLDallas Stars
70%
WashingtonMLBSeattle Mariners
70%
New YorkNHLBuffalo Sabres
69%
OhioNHLColumbus Blue Jackets
68%
TennesseeNHLNashville Predators
68%
WashingtonNHLSeattle Kraken
68%
OhioMLBCleveland Guardians
67%

Score Distribution

Percentile by Number Answered

Percent of People with Each Score

Your Score History

You have not taken this quiz since the last reset